| 000 -ლიდერი |
| ფიქსირებული სიგრძის საკონტროლო ველი |
01331nam a2200253Ia 4500 |
| 001 - საკონტროლო ნომერი |
| საკონტროლო ველი |
23805 |
| 003 - საკონტროლო ნომრის იდენტიფიკატორი |
| საკონტროლო ველი |
GE_BSU |
| 005 - ბოლო ოპერაციის თარიღი და დრო |
| საკონტროლო ველი |
20191031120556.0 |
| 008 - ფიქსირებული სიგრძის მონაცემთა ელემენტები - ზოგადი ინფორმაცია |
| ფიქსირებული სიგრძის საკონტროლო ველი |
181216s2018||||ge |||||||||||||| ||geo|| |
| 020 ## - წიგნის საერთაშორისო სტანდარტული ნომერი |
| International Standard Book Number |
9789941473661 |
| 040 ## - კატალოგიზაციის წყარო |
| Transcribing agency |
GE_BSU |
| 041 ## - ენის კოდი |
| Language code of text/sound track or separate title |
geo |
| 080 ## - უნივერსალური ათობითი კლასიფიკაციის ინდექსი |
| Universal Decimal Classification number |
811.353=341.1+81'246.2 მ-58 |
| 100 ## - მთავარი ჩანაწერი - პიროვნების სახელი |
| Personal name |
მესხი, ანა. |
| 9 (RLIN) |
6 |
| 245 ## - ცნობა სათაურის შესახებ |
| Title |
წარსულის ქართველური ლინგვოკულტუროლოგია (რჩეული სტატიები) / |
| Statement of responsibility, etc |
ანა მესხი ; დავით მესხი ; რედ : გიორგი გრიგოლაშვილი . |
| 264 ## - წარმოების, გამოცემის, დისტრიბუციის და სხვა ცნობები |
| გამოცემის, წარმოების, დისტრიბუციის... ადგილი |
თბილისი : |
| გამოცემის, წარმოების, დისტრიბუციის... სახელწოდება |
მწიგნობარი, |
| გამოცემის, წარმოების, დისტრიბუციის... თარიღი |
2018. |
| 300 ## - ფიზიკური აღწერა |
| Extent |
537გვ .: |
| Dimensions |
23 სმ. |
| 501 ## - შენიშვნა თანმხლებ მასალაზე |
| With note |
ელექტრონული წყაროებიგვ:537-538; ეტიმოლოგიური ცხრ.გვ:539-544; საძ.გვ:551-556. |
| 653 ## - INDEX TERM--UNCONTROLLED |
| Uncontrolled term |
ქართველური ენები |
| 700 ## - ADDED ENTRY--PERSONAL NAME |
| Personal name |
მესხი, დავით |
| 9 (RLIN) |
5168 |
| 700 ## - ADDED ENTRY--PERSONAL NAME |
| Personal name |
გრიგოლაშვილი, გიორგი |
| Relator term |
რედაქტორი |
| 9 (RLIN) |
5169 |
| 710 ## - ADDED ENTRY--CORPORATE NAME |
| Relator term |
ქართველური ცივილიზაციის ცენტრი (ქცკც) |
| 9 (RLIN) |
5170 |
| 942 ## - ADDED ENTRY ELEMENTS (KOHA) |
| Koha item type |
წიგნი |
| Source of classification or shelving scheme |
|